000 00436nam a22001217a 4500
082 _a347.4106 SHA
100 _aShamsi, Muhammad Imran
245 _aThe law of evidence, [Qanun-e-Shahadat, 1984] (with all Amendments & up-to-date Case Laws) Volume I
_cMuhammad Imran Shamsi
260 _aLahore
_bHassan Haider Law Books Publishers
_c2019
300 _a1030p
942 _2ddc
_cBK
999 _c540946
_d540946